Characterization of material inhomogeneities from crosslinking in polymer blends (Record no. 75295)

MARC details
000 -LEADER
fixed length control field 00415nam a22001457a 4500
100 ## - MAIN ENTRY--AUTHOR NAME
Personal name Tebben, M
245 ## - TITLE STATEMENT
Title Characterization of material inhomogeneities from crosslinking in polymer blends
300 ## - PHYSICAL DESCRIPTION
Other physical details Kautschuk Gummi Kunststoffe, 76(6): 2023. 56-64.
650 ## - SUBJECT ADDED ENTRY--TOPICAL TERM
Topical Term Curing system
650 ## - SUBJECT ADDED ENTRY--TOPICAL TERM
Topical Term Rubber blends
650 ## - SUBJECT ADDED ENTRY--TOPICAL TERM
Topical Term Phase morphology
650 ## - SUBJECT ADDED ENTRY--TOPICAL TERM
Topical Term Micro-indentation
700 ## - ADDED ENTRY--PERSONAL NAME
Personal name Giese, U.
942 ## - ADDED ENTRY ELEMENTS (KOHA)
Koha item type Journals
Holdings
Withdrawn status Lost status Damaged status Not for loan Home library Current library Date acquired Koha item type
        RRII Library RRII Library 24/05/2024 Journals